[Event "Brasilia Terraviva op"]
[Site "Brasilia"]
[Date "2017.01.07"]
[Round "3"]
[White "De Moura, Valderi Nascimento"]
[Black "Do Carmo, Thiago Souza Lopes"]
[Result "1-0"]
[WhiteElo "1738"]
[BlackElo "1505"]
[PlyCount "61"]
[EventDate "2017.01.06"]
[EventType "swiss"]
[EventRounds "6"]
[EventCountry "BRA"]
[SourceTitle "CBM 176 Extra"]
[Source "ChessBase"]
[SourceDate "2017.03.02"]
[SourceVersion "1"]
[SourceVersionDate "2017.03.02"]
[SourceQuality "1"]

1. e4 c6 2. Nf3 d5 3. Nc3 dxe4 4. Nxe4 Nd7 5. Bc4 Ngf6 6. d3 e6 7. Bg5 Be7 8. Bf4 Nxe4 9. dxe4 0-0 10. Qe2 b5 11. Bd3 Nc5 12. 0-0 Nxd3 13. cxd3 a5 14. Ne5 Bb7 15. Qe3 f6 16. Ng4 e5 17. Bg3 Qd7 18. h3 Rfd8 19. Rad1 Qd4 20. Qe2 Rd7 21. Ne3 g6 22. Qg4 Bc8 23. Qe6+ Kg7 24. Qxc6 Bb7 25. Qxb5 Rad8 26. Qxa5 Ra8 27. Qb5 Rxa2 28. Nd5 Rxd5 29. exd5 Rxb2 30. Qd7 Kf8 31. Rb1 1-0